Logo BPK

Biblioteka

Politechniki Koszalińskiej

Finite rotations in structural mechanics : (Rekord nr 28660)

Szczegóły MARC
000 -ETYKIETA REKORDU
podpole kontrolne o stałej długości 00830nam a2200229 i 4500
001 - NUMER KONTROLNY REKORDU
pole kontrolne bg
020 ## - MIĘDZYNARODOWY ZNORMALIZOWANY NUMER KSIĄŻKI - ISBN
ISBN 3540167374
040 ## - ŹRÓDŁO KATALOGOWANIA
Instytucja, która utworzyła rekord BPK
041 ## - KOD JĘZYKA
Kod języka tekstu pol
080 ## - UNIWERSALNA KLASYFIKACJA DZIESIĘTNA - UKD
UKD 624:539.3/.6
920 ## - Międzynarodowy znormalizowany numer książki – ISBN
ISBN 3-540-16737-4
008 - POLE O STAŁEJ DŁUGOŚCI - DANE KONTROLNE
podpole kontrolne o stałej długości s pl f |000 0 pol
245 #0 - TYTUŁ/ODPOWIEDZIALNOŚĆ
Tytuł Finite rotations in structural mechanics :
Ciąg dalszy tytułu proceedings of the Euromech Colloquium 197, Jabłonna, Poland, 1985 /
Pozostałe elementy strefy tytułu i oznaczenia odpowiedzialności edit. by W. Pietraszkiewicz.
260 ## - STREFA ADRESU WYDAWNICZEGO
Miejsce wydania Berlin [i in.] :
Nazwa wydawcy/dystrybutora Springer-Verl.,
Data publikacji, dystrybucji/powstania dokumentu 1986.
300 ## - STREFA OPISU FIZYCZNEGO
Objętość XII, 379 s. :
Inne cechy fizyczne rys., wykr. ;
Rozmiary 24 cm.
490 1# - STREFA SERII I DOKUMENTU WIELOCZĘŚCIOWEGO - FORMA NIE DO WYSZUKIWANIA
Tytuł i oznaczenie odpowiedzialności serii Lecture Notes in Engineering / edit. by C. A. Brebbia a. S. A. Orszag ;
Numeracja w obrębie serii 19
700 1# - HASŁO DODATKOWE - NAZWA OSOBOWA
Nazwa osobowa PIETRASZKIEWICZ, W.
700 1# - HASŁO DODATKOWE - NAZWA OSOBOWA
Nazwa osobowa Brebbia, C. A.
Daty związane z nazwą (1938- ).
700 1# - HASŁO DODATKOWE - NAZWA OSOBOWA
Nazwa osobowa ORSZAG, S. A.
830 #0 - HASŁO DODATKOWE SERII LUB DOKUMENTU WIELOCZĘŚCIOWEGO - TYTUŁ UJEDNOLICONY
Tytuł ujednolicony Lecture Notes in Engineering (edit. by C. A. Brebbia a. S. A. Orszag) ;
Oznaczenie tomu 19
856 ## - LOKALIZACJA I DOSTĘP DO ELEKTRONICZNYCH DOKUMENTÓW ZDALNYCH
Link (URL) http://koha.tu.koszalin.pl/cgi-bin/koha/opac-detail.pl?biblionumber=28660
Tekst linku Katalog online BPK
942 ## - DODATKOWE ELEMENTY (KOHA)
Typ dokumentu Książka
Egzemplarze
Wycofany Status egzemplarza Uszkodzony Dostępność Lokalizacja stała Lokalizacja bieżąca Miejsce przechowywania Sygnatura Kod kreskowy Typ dokumentu
      Dostępny Biblioteka Politechniki Koszalińskiej Biblioteka Politechniki Koszalińskiej Wypożyczalnia BG 34525 00218481 Książka
© 2023 Biblioteka Politechniki Koszalińskiej :: KOHA